00672nam a2200181 a 4500008004100000020002200041245005700063246010400120260004100224300003500265500002000300650005800320650004500378650004000423003000100463005001700464040000900481  a1572316233 (pbk.)10aMicrosoft TCP/ IP training /cMicrosoft Corporation. aInternetworking with TCP/IP on windows NT4.0 :bhands-on self-paced training for supporting TCP/IP. aWashington :bMicrosoft Press,c1997 axxiii,398 p. :bill. ;c23 cm. aIncludes index. aElectronic data processing personnel - Certification. aMicrosoft software - Study and teaching. aTCP/IP (Computer network protocol).20230123133716.0 cNUST